Geography Quiz

Random Geography or City Quiz

Most Bike-Friendly Cities Quiz Stats

 Plays Quiz not verified by Sporcle

Score 0/20 Timer 04:00
0 Plays Today
State City % Correct
MinnesotaMinneapolis
100%
District of ColumbiaWashington
96.4%
ColoradoDenver
94.5%
CaliforniaSan Francisco
92.7%
OregonPortland
92.7%
MassachusettsBoston
92.7%
New YorkNew York
92.7%
IllinoisChicago
90.9%
WashingtonSeattle
90.9%
MinnesotaSaint Paul
89.1%
State City % Correct
WisconsinMadison
85.5%
PennsylvaniaPhiladelphia
83.6%
ArizonaTucson
81.8%
New JerseyJersey City
80%
IdahoBoise
80%
CaliforniaSacramento
76.4%
NebraskaLincoln
76.4%
CaliforniaLong Beach
65.5%
VirginiaArlington
61.8%
CaliforniaIrvine
40%

You're not logged in!

Compare scores with friends on all Sporcle quizzes.
OR
Log In

You Might Also Like...

Show Comments

Extras

Top Quizzes Today


Score Distribution

Your Account Isn't Verified!

In order to create a playlist on Sporcle, you need to verify the email address you used during registration. Go to your Sporcle Settings to finish the process.

Report this User

Report this user for behavior that violates our Community Guidelines.

Details: